Ptáci podle obrázku #1 - Statistics

General Stats
  • This quiz has been taken 20 times
  • The average score is 13 of 20
Answer Stats
Picture Answer % Correct
Holub domácí
100%
Kos černý
100%
Straka obecná
100%
Hrdlička zahradní
93%
Sojka obecná
93%
Strakapoud velký
93%
Sýkora koňadra
86%
Dlask tlustozobý
71%
Červenka obecná
64%
Drozd kvíčala
64%
Sýkora modřinka
64%
Brhlík lesní
57%
Vrabec polní
57%
Pěnkava obecná
50%
Stehlík obecný
50%
Vrabec domácí
50%
Zvonek zelený
50%
Čížek lesní
43%
Mlynařík dlouhoocasý
29%
Sýkora babka
21%
No matching quizzes found
Score Distribution
Percent of People with Each Score
Percentile by Number Answered
Your Score History
You have not taken this quiz